000 00923nam a22001817a 4500
999 _c62369
_d62369
003 Ge_BSU
005 20241017104035.0
008 241017s1992 ge ||||| |||| 00| 0 geo d
041 _ageo
080 _a616.314-053.2 კ-22
100 _aკელაპტრიშვილი, ელისაბედ
_923414
245 _aკბილის არაკარიესული დავადებანი, კარიესი, მისი გართულებანი, მკურნალობა და პროფილაქტიკა ბავშვთა ასაკში /
_cელისაბედ კელაპტრიშვილი.
264 _aთბ. :
_b საქართველო,
_c1992.
300 _a188 გვ. ;
_b21 სმ.
653 _aკბილის კარიესი ბავშვებში
653 _aმედიცინა
942 _2udc
_cBK